Statistics for Three Biggest Cities in Each Oceanian Country on a Map

Click here to take the quiz!

General Stats

  • This quiz has been taken 78 times
  • The average score is 19 of 42

Answers on the Map

Answers color-coded by a green-red scale on the quiz's map according to % correct below.
 

Answer Stats

CountryPopulationCity% Correct
11,618,400Auckland
98%
24,196,201Melbourne
98%
1364,125Port Moresby
98%
14,321,534Sydney
98%
3215,100Wellington
98%
32,054,616Brisbane
97%
193,970Suva
95%
2383,200Christchurch
93%
1130,176Honiara
90%
117,330Betio
88%
137,391Apia
86%
151,437Port Vila
85%
123,221Nuku'alofa
78%
120,301Delap-Uliga-Djarrit
73%
26,647Palikir
73%
11,207Senala
73%
19,781Koror
49%
2148,934Lae
49%
371,048Nadi
31%
113,856Weno
29%
336,443Arawa
25%
271,573Lautoka
25%
216,312Luganville
24%
31,220Aiwo
22%
11,497Denigomodu
20%
23,731Neiafu
20%
215,000Ebeye
19%
31,473Lenakel
19%
27,299Vaitele
19%
22,455Airai
17%
38,500Malango
17%
21,380Meneng
17%
27,575Bikenibeu
15%
31,679Meyuns
15%
21,158Fakaifou
14%
31,029Alapi
12%
36,639Nett
12%
219,900Tandai
12%
34,260Faleasiu
10%
36,390Rairok
10%
36,073Teaoraereke
10%
33,489Tofoa-Koloua
10%

Score Distribution

Percentile by Number Answered

Percent of People with Each Score

Your Score History

You have not taken this quiz